Municipalities of the Åland Islands - Statistics

General Stats
  • This quiz has been taken 35 times
  • The average score is 12 of 16
Answer Stats
Answer % Correct
Mariehamn
96%
Eckerö
88%
Jomala
88%
Sottunga
79%
Föglö
75%
Kökar
75%
Lemland
75%
Saltvik
75%
Vårdö
75%
Geta
71%
Hammarland
71%
Brändö
67%
Lumparland
67%
Kumlinge
63%
Finström
58%
Sund
58%
No matching quizzes found
Score Distribution
Percent of People with Each Score
Percentile by Number Answered
Your Score History
You have not taken this quiz